• 首页
  • 本馆介绍
  • 公告通知
  • 最新文献
  • 馆藏检索
  • 电子资源
  • 读者导购
  • 参考咨询
  • 我的图书馆
  • 登录
  • 详细信息显示
  • 放入我的书架
  • 预约/预借图书
  • 作者相关作品
  • 分类相关作品
  • 丛书相关作品
  • 出版社相关作品

书目信息

  • 表格格式
  • 工作单格式
  • 卡片格式
题名:
历史编纂与民族精神
    
 
作者: 陈其泰, 著
分册:  
出版信息: 北京   华夏出版社  2018
页数:
开本: 25cm
丛书名: 北京师范大学史学探索丛书
单 册:
中图分类: K062 , C955.2
科图分类:
主题词: 中国历史--zhong guo li shi--历史编纂学--研究 , 中华民族--zhong hua min zu--民族精神--研究
电子资源:
ISBN: 978-7-5080-9370-3
000 01252nam 2200301 45
001 438829
005 20140102141558.0
010    @a978-7-5080-9370-3@b精装@dCNY76.00
099    @aCAL 012018091445
100    @a20180531d2018 em y0chiy50 ea
101 0  @achi
102    @aCN@b110000
105    @aacf z 000yy
106    @ar
200 1  @a历史编纂与民族精神@Ali shi bian zuan yu min zu jing shen@f陈其泰著
210    @a北京@c华夏出版社@d2018
215    @414页@c图 (部分彩图), 肖像@d25cm
225 2  @a北京师范大学史学探索丛书@Abei jing shi fan da xue shi xue tan suo cong shu@i陈其泰史学萃编
314    @a陈其泰, 广东丰顺人, 1939年出生。1963年毕业于中山大学历史系。现为北京师范大学历史学院教授、博士生导师, 山东大学兼职教授。
330    @a《历史编纂与民族精神》是《陈其泰史学萃编》的第八卷, 收集的论文24篇, 围绕的是中国历史编纂学研究和民族精神研究两个中心, 这是近年来笔者尤为关注的两个学术领域。
410  0 @12001 @a北京师范大学史学探索丛书@i陈其泰史学萃编
606 0  @a中国历史@Azhong guo li shi@x历史编纂学@x研究
606 0  @a中华民族@Azhong hua min zu@x民族精神@x研究
690    @aK062@v5
690    @aC955.2@v5
701  0 @a陈其泰,@Achen qi tai@f1939-@4著
801  2 @aCN@b上海新华@c20191020
905    @b1186602-5@dK062@e91@f4
    
    历史编纂与民族精神/陈其泰著.-北京:华夏出版社,2018
    图 (部分彩图), 肖像;25cm.-(北京师范大学史学探索丛书.陈其泰史学萃编)
    
    
    ISBN 978-7-5080-9370-3(精装):CNY76.00
    《历史编纂与民族精神》是《陈其泰史学萃编》的第八卷, 收集的论文24篇, 围绕的是中国历史编纂学研究和民族精神研究两个中心, 这是近年来笔者尤为关注的两个学术领域。
●
相关链接 在E读中查询图书 在五车中查询图书 在当当中查询图书 在豆瓣中查询图书


正题名:历史编纂与民族精神     索取号:K062/91         预约/预借

序号 登录号 条形码 馆藏地/架位号 状态 备注
1 1186602   211866024   第二样本阅览室/ [索取号:K062/91] 在馆    
2 1186603   211866033   第二借阅区/ [索取号:K062/91] 在馆    
3 1186604   211866042   第二借阅区/ [索取号:K062/91] 在馆    
4 1186605   211866051   第二借阅区/ [索取号:K062/91] 在馆    
唐山师范学院图书馆 欢迎您!
大连网信软件有限公司© 版权所有